Online
Catalog
Normal view MARC view

Entry Nombre de reunión

Number of records used in: 1

001 - NÚMERO DE CONTROL

  • campo de control: 85494

003 - IDENTIFICADOR DEL NÚMERO DE CONTROL

  • campo de control: DO-SdBNP

005 - FECHA Y HORA DE LA ÚLTIMA TRANSACCIÓN

  • campo de control: 20240517092453.0

008 - DATOS DE LONGITUD FIJA

  • campo de control de longitud fija: 240517|| aca||aabn | a|a d

040 ## - FUENTE DE LA CATALOGACIÓN

  • Centro catalogador/agencia de origen: DO-SdBNP
  • Centro/agencia transcriptor: DO-SdBNP

111 ## - ENCABEZAMIENTO--NOMBRE DE CONGRESO/REUNIÓN

  • Nombre de congreso/reunión o jurisdicción como elemento de entrada: Un siglo de Luz
  • Número del congreso/reunión o número de parte o sección: (1:
  • Fecha del congreso/reunión: 1982:
  • Sede del congreso/Lugar de la reunión: San Pedro de Macorís, República Dominicana)

670 ## - FUENTE DE DATOS ENCONTRADOS

  • Cita de la fuente: Work cat.: (DO-SdBNP)56685: Un siglo de Luz (1: 1982: San Pedro de Macorís, República Dominicana), Un siglo de luz:

Powered by Koha